LEADER 00899nam0-22003131i-450- 001 990006821700403321 005 20001010 035 $a000682170 035 $aFED01000682170 035 $a(Aleph)000682170FED01 035 $a000682170 100 $a20001010d--------km-y0itay50------ba 101 0 $aita 105 $ay-------001yy 200 1 $aSTRUMENTI per l'economia agraria operativa$fcontributi di Maurizio Aragrande ... (e altri). 210 $aBologna$cClueb$d1991. 215 $aVIII, 268 p.$d21 cm 610 0 $aEconomia agraria 610 0 $aAziende agrarie - Gestione finanziaria 676 $a338.16 702 1$aAragrande,$bMaurizio 801 0$aIT$bUNINA$gRICA$2UNIMARC 901 $aBK 912 $a990006821700403321 952 $aVI G 160$b27027$fFSPBC 959 $aFSPBC 996 $aSTRUMENTI per l'economia agraria operativa$9633919 997 $aUNINA DB $aGEN01